000 00287pam a2200121 a 4500
020 _c
041 _aeng
100 _aEdward Parker.
245 _aLonger Poem Of The 19th Century 1800-1850
_hTextual Documents
260 _a[s.l]:
_bBlackie & Sons Ltd
300 _a114p.
930 _a16306
999 _c93206
_d93206